01054 a2200169 45000010006000000050017000060080041000230030015000640400040000790800110001192450110002290200018003392640033003573000019003905050454004091000021008635334620260407155808.0260407a1981 arg spa dAR-UNSa-BCEJYS aAR-UNSa-BCEJYSbspacAR-UNSa-BCEJYS a711xPrincipios y práctica de la ordenación. Ordenación del territorio, ordenación urbana y rural10aGeografía de las actividades terciariaspUna reinterpretación de la teoría de los lugares centrales a84-281-0470-0 1aBarcelona :bOikos-tauc1981 a243 p.c22 cm. aI. Introducción - II. La teoría de las actividades terciarias: juicio crítico - III. Christaller revisado - IV. La clasificación de las jerarquías urbanas - V. La estructura de los centros comerciales extra-CBD en la Ciudad del Cabo metropolitana - VI. Reexamen del sistema de áreas de mercado de Losch - VII. Hacia una teoría alternativa de las actividades terciarias - VIII. Generalización del modelo intraurbano - IX. Conclusiones1 aBeavon, Keith S.